| 000 | 01553nam a22002657a 4500 | ||
|---|---|---|---|
| 999 |
_c64655 _d64655 |
||
| 005 | 20240530110743.0 | ||
| 008 | 181108s2018 ua g b 000 0|ara d | ||
| 017 |
_a2017/27446 _bمصر. دار الكتب |
||
| 020 | _a9789772123315 | ||
| 040 |
_aEG-CaGPL _cEG-CaGPL |
||
| 082 | 0 | 4 |
_221 _a953.09 / _bع د |
| 100 | 0 | _aعبدالله نبيل على | |
| 245 | 1 | 2 |
_aالدولة العثمانية / _cعبدالله نبيل على |
| 250 | _aط.1 | ||
| 260 |
_aالاسكندرية : _bمؤسسة شباب الجامعة ، _c2018. |
||
| 300 |
_a 2جزء ؛ _c24 سم. |
||
| 500 | _aالجزء الاول، الدستور - الاستخلاف والتمكين - سلاطين الدولة العثمانية - عهد الفوضى -- الجزء الثانى، الدولة العثمانية ومواجهة الامبراطورية البرتغالية - الصدام بين الدولة العثمانية والدولة الاوروبية ( المسالة الشرقية ) - محمد على والدولة العثمانية - التوسع الروسى فى الدولة العثمانية. | ||
| 504 | _aيشتمل على ارجاعات ببليوجرافية | ||
| 651 | 0 | 7 |
_2qrmak _aالامبراطورية العثمانية |
| 651 | 0 | 7 |
_2qrmak _aالحركات الانفصالية الامبراطورية |
| 651 | 0 | 7 |
_2qrmak _aالامبراطورية العثمانية _xسقوط |
| 651 | 0 | 7 |
_2qrmak _aالامبراطورية العثمانية _xعصر الضعف |
| 942 |
_2ddc _cBK |
||